000 00252nam a22001097a 4500
082 _a158
_bPOD/S
100 _aPODDER,TANUSHREE
245 _aSMART MEMORY
260 _aBANGALORE
_bPUSTAK MAHAL
650 _aPERSONALITY DEVELOPMENT
_zBANGALORE
942 _cBK
999 _c5376
_d5376